Washington Irving /

Bibliographic Details
Main Author: Warner, Charles Dudley, 1829-1900
Format: Book
Language:English
Published: Boston : Cambridge : Houghton, Mifflin and company ; Riverside Press /, 1899
Series:American men of letters series.
Subjects:

MARC

Tag First Indicator Second Indicator Subfields
LEADER 00000cam a2200000 4500
001 in00000931908
005 20150925094730.0
008 800614s18991881mauc 00010beng
010 |a  04017209  
035 |a (OCoLC)06420050 
035 |9 AER5457AM 
040 |a DLC  |c CLE  |d m.c.  |d TXA  |d UtOrBLW 
049 |a TXAM  |c [A13005448] 
050 0 |a PS2081  |b .W25 1881 
050 4 |a PS2081  |b .W25 1899 
082 0 4 |a 507  |b B-237 
100 1 |a Warner, Charles Dudley,  |d 1829-1900. 
245 1 0 |a Washington Irving /  |c By Charles Dudley Warner. 
264 1 |a Boston :  |b Houghton, Mifflin and company ;  |a Cambridge :  |b  Riverside Press /,  |c 1899 
264 4 |c ©1881 
300 |a vi, 304 pages :  |b frontispiece (portrait) ;  |c 18 cm. 
336 |a text  |b txt  |2 rdacontent 
337 |a unmediated  |b n  |2 rdamedia 
338 |a volume  |b nc  |2 rdacarrier 
490 1 |a American men of letters 
600 1 0 |a Irving, Washington,  |d 1783-1859. 
830 0 |a American men of letters series. 
999 |a MARS 
999 f f |s 5e230d66-9e1d-3b78-894d-73b1e5ab2df8  |i c94cfd46-c702-336e-8b05-517717f3fdbb  |t 0 
952 f f |p ric  |a Texas A&M University  |b Rellis Campus  |c Joint Library Facility  |d Remote Storage  |t 0  |e PS2081 .W25 1899  |h Library of Congress classification  |i unmediated -- volume  |m A14813005448 
998 f f |a PS2081 .W25 1899  |t 0  |l Remote Storage